| 000 | 01618nam0a2200325 4500 | ||
|---|---|---|---|
| 001 | RU\NLR\BIBL_A\010478512 | ||
| 005 | 20250614060109.0 | ||
| 035 | _a(NLR Aleph) 010478512 | ||
| 090 |
_a10055994 _c10055994 |
||
| 100 | _a20141017d2014 |||y0rusy50 ca | ||
| 101 | 0 | _arus | |
| 102 | _aRU | ||
| 105 | _aach|z|||000yy | ||
| 200 | 1 |
_aТри века Сестрорецка _e[юбилейное издание _fтексты: Ганусинец О.В., Деревянко М.М., Докиш Ю.М. и др.] |
|
| 210 |
_aСестрорецк _aСанкт-Петербург _c[б. и.] _d2014 |
||
| 215 |
_a141, [10] с. _cил., цв. ил., портр., факс. _d31 |
||
| 320 | _aБиблиогр. в конце текста | ||
| 607 |
_aСестрорецк, город (Санкт-Петербург, город) _jФотоальбомы _xИстория _91624924 _3RU\NLR\AUTH\661015565 |
||
| 686 | 1 | _aТ3(2-2СПб99)я6 | |
| 701 | 1 |
_aГанусинец _bО.В. |
|
| 701 | 1 |
_aДеревянко _bМ.М. |
|
| 701 | 1 |
_aДокиш _bЮ.М. |
|
| 942 | _cBOOK | ||
| 980 | _aNBR | ||
| 980 | _aNB | ||
| 981 | 4 | 3 |
_a(43) Тематическая подборка Санкт-Петербург _b(43) Топография города |
| 981 | 4 | 3 |
_a(43) Тематическая подборка Санкт-Петербург _b(43) Пригороды и города в составе большого Петербурга |
| 981 | 4 | 3 |
_a(43) Тематическая подборка Санкт-Петербург _b(43) Иные окрестности |